Normale Ansicht MARC-Ansicht ISBD

The politics of grand strategy : (Titelsatznr. 35046)

[ MARC ]
MARC-Details
000 -Satzkennung
Kontrollfeld mit fester Länge 00650nam a22002171c 4500
001 - Kontrollnummer
Kontrollfeld a987684799
008 - Feld mit fester Länge zur physischen Beschreibung - Allgemeine Angaben
Kontrollfeld mit fester Länge 051003s1969 gw a||| 000u eng d
020 ## - Internationale Standardbuchnummer
Internationale Standardbuchnummer 0674688759
Verknüpfung 0-674-68875-9
041 ## - Sprachcode
Sprachcode des Textes/der Tonspur oder des separaten Titels eng
040 ## - Katalogisierungsquelle
Übertragungsstelle RU-10907106
003 - Kontrollnummer Identifier
Kontrollfeld RU-10907106
100 1# - Haupteintragung - Personenname
Personenname Williamson, Samuel R.
245 04 - Titel
Titel The politics of grand strategy :
Zusatz zum Titel Britain and France prepare for war, 1904-1914 /
Verfasserangabe etc. Samuel R. Williamson
264 ## - Produktion, Veröffentlichung, Distribution, Herstellung und Urheberrechtsvermerk
Herstellungs-, Veröffentlichungs- Vertriebs-, Erzeugungsort Cambridge, Mass :
Produzent, Herausgeber, Distributor, Hersteller Harvard University Press,
Datum der Herstellung, der Veröffentlichung, des Vertriebs oder des Urheberschutzvermerks 1969
300 ## - Physische Beschreibung
Umfang xiv, 409 p. : ill. ; 24 cm
648 #0 - Nebeneintragung unter einem Schlagwort - Zeitschlagwort
Zeitschlagwort 1904-1914
650 #0 - Nebeneintragung unter einem Schlagwort - Sachschlagwort
Sachschlagwort oder geografischer Name als Eintragungselement Weltkrieg <1914-1918>
650 #0 - Nebeneintragung unter einem Schlagwort - Sachschlagwort
Sachschlagwort oder geografischer Name als Eintragungselement Vorgeschichte
651 #0 - Nebeneintragung unter einem Schlagwort - Geografischer Name
Geografischer Name England
942 ## - Zusätzliche Felder (Koha)
Koha-Medientyp Monographien
Exemplare
Ausgeschieden Verloren Klassifikation oder Aufstellungssystematik Beschädigt Nicht entleihbar Heimatbibliothek Aufenthaltsbibliothek Aufstellungsort Erwerbungsdatum Inventarnummer Signatur Barcode Letzte Aktivität Preis gültig von Koha-Medientyp
    Andere/Generische Klassifikation     MWN Osteuropa MWN Osteuropa Lesesaal - 1 03/10/2005 05-04396 W 54 D c Wil E004015078F6B91F 22/02/2021 22/03/2021 Monographien